| 000 | 00520nam a2200193Ia 4500 | ||
|---|---|---|---|
| 003 | GCL | ||
| 008 | 140319s9999 xx 000 0 eng d | ||
| 040 |
_aGCL / _cGCL |
||
| 082 | 0 | 4 |
_a895.6 _bR Z |
| 100 | 1 | _aREPS, PAUL | |
| 245 | 1 | 0 |
_aZEN FLESH ZEN BONES: ACOLLECTION OF ZEN AND PER-ZEN WRITINGS / _cREPS, PAUL |
| 260 |
_a[S.N] : _bTUTTLE, CHARESE COMPANY ، _c1994 |
||
| 300 | _a209 P | ||
| 650 | 0 | 4 | _aLITERATURE |
| 650 | 0 | 4 | _aJAPAN - LITERATURE |
| 650 | 0 | 4 | _aFLESH, ZEN |
| 650 | 0 | 4 | _aBONES, ZEN |
| 942 |
_2ddc _cBK |
||
| 999 |
_c12371 _d12371 |
||